000 00716nam a2200169Ia 4500
008 090123s9999 xx 000 0 und d
082 _b33656
100 _aजायस्वाल जयनारायण
245 _aसंधिवात सायटिका स्पॅडिलायटिस
250 _a4
260 _bगोपाल ग्रंथ गृह
600 _aजायस्वाल जयनारायण
630 _aसंधिवात सायटिका स्पॅडिलायटिस
700 _aजायस्वाल जयनारायण
730 _aसंधिवात सायटिका स्पॅडिलायटिस
942 _cBOOK
999 _c71715
_d71715